Nho học và nho học ở Việt Nam Một số vấn đề lý luận và thực tiễn
Giới thiệu nho học ở Trung Quốc và sự tranh luận hiện tại về nho học; Nho học và một số vấn đề của lịch sử tư tưởng VN. Đề cập đến vai trò của nho học trong lịch sử và hiện tại ở Việt Nam; Nho giáo và nho giáo ở Việt Nam từ góc nhìn tín ngưỡng và vai trò lịch sử....
Đã lưu trong:
| Tác giả chính: | |
|---|---|
| Định dạng: | Sách |
| Năm xuất bản: |
H.
Khoa học xã hội
1997
|
| Chủ đề: | |
| Tags: |
Thêm thẻ
Không có thẻ, Hãy là người đầu tiên gắn thẻ bản ghi này!
|
| LEADER | 01280nam a2200193 4500 | ||
|---|---|---|---|
| 082 | |a 181.197 |b NG527T | ||
| 100 | |a Nguyễn Tài Thư | ||
| 245 | |a Nho học và nho học ở Việt Nam |b Một số vấn đề lý luận và thực tiễn |c Nguyễn Tài Thư | ||
| 260 | |a H. |b Khoa học xã hội |c 1997 | ||
| 300 | |a 262tr. |c 20cm. | ||
| 520 | |a Giới thiệu nho học ở Trung Quốc và sự tranh luận hiện tại về nho học; Nho học và một số vấn đề của lịch sử tư tưởng VN. Đề cập đến vai trò của nho học trong lịch sử và hiện tại ở Việt Nam; Nho giáo và nho giáo ở Việt Nam từ góc nhìn tín ngưỡng và vai trò lịch sử. | ||
| 653 | |a Triết học | ||
| 653 | |a Nho học | ||
| 653 | |a Việt Nam | ||
| 942 | |2 ddc |c STK0 | ||
| 999 | |c 8157 |d 8157 | ||
| 952 | |0 0 |1 0 |2 ddc |4 0 |6 181_197000000000000_NG527T |7 0 |8 100 |9 69248 |a qbu |b qbu |c D2 |d 2015-04-01 |g 30000 |o 181.197 NG527T |p 8395.c1 |r 0000-00-00 |w 2015-04-01 |y STK0 | ||
| 952 | |0 0 |1 0 |2 ddc |4 0 |6 181_197000000000000_NG527T |7 0 |8 100 |9 69249 |a qbu |b qbu |c D2 |d 2015-04-01 |g 30000 |o 181.197 NG527T |p 8395.c2 |r 2016-01-05 |w 2015-04-01 |y STK0 | ||
| 952 | |0 0 |1 0 |2 ddc |4 0 |6 181_197000000000000_NG527T |7 0 |8 100 |9 92341 |a qbu |b qbu |c D2 |d 2015-08-31 |o 181.197 NG527T |p 8395.c3 |r 0000-00-00 |w 2015-08-31 |y STK0 | ||